000 00337nam a2200145Ia 4500
100 _aShukla/K.K/ anuj jain
650 _aStrength of Materials
942 _cBK
366 _f25
245 _aStrength Of Materials
260 _bNarosa Publication House
_c2014
082 _a620.112
_bSHU
546 _aENGLISH
_cInfo.Tech
999 _c33276
_d33276